Breaking the Impasse Consensual Approaches to Resolving Public Disputes

Salvato in:
Dettagli Bibliografici
Autore principale: Susskind, Lawrence
Altri autori: Cruikshank, Jeffrey
Natura: Libro
Lingua:inglese
Pubblicazione: [S.l.] Basic Books 1987
Soggetti:
Tags: Aggiungi Tag
Nessun Tag, puoi essere il primo ad aggiungerne!!

MARC

LEADER 00000nam a2200000 4500
001 c019549
005 20250707090926.8
020 |a 0-465-00750-3 
041 0 |a eng 
044 |a US 
245 1 0 |a Breaking the Impasse  |b Consensual Approaches to Resolving Public Disputes  |c Lawrence Susskind, Jeffrey Cruikshank 
264 1 |a [S.l.]  |b Basic Books  |c 1987 
300 |a 276 s. 
610 2 0 |a správa štátna 
610 2 0 |a úrady 
610 2 0 |a pracovníci 
610 2 0 |a rozhodovanie 
610 2 0 |a občania 
100 1 |a Susskind, Lawrence 
700 1 |a Cruikshank, Jeffrey